[Event "CZE-chT 2324"]
[Site "Czech Republic"]
[Date "2024.04.07"]
[Round "11.6"]
[White "Nemec, Jachym"]
[Black "Sasikiran, Krishnan"]
[Result "0-1"]
[WhiteElo "2416"]
[BlackElo "2570"]
[PlyCount "92"]
[EventDate "2023.10.14"]
[EventType "team-tourn"]
[EventRounds "11"]
[EventCountry "CZE"]
[SourceTitle "EXT 2025"]
[Source "ChessBase"]
[SourceDate "2024.10.14"]
[SourceVersion "1"]
[SourceVersionDate "2024.10.14"]
[SourceQuality "1"]
[WhiteTeam "Pardubice"]
[BlackTeam "Novoborsky"]
[WhiteTeamCountry "CZE"]
[BlackTeamCountry "CZE"]

1. d4 Nf6 2. c4 e6 3. Nc3 Bb4 4. e3 0-0 5. Bd3 d5 6. a3 Bxc3+ 7. bxc3 dxc4 8. Bxc4 c5 9. Nf3 Qc7 10. Be2 b6 11. Bb2 Bb7 12. 0-0 Nbd7 13. Nd2 e5 14. a4 Rad8 15. Qb3 Rfe8 16. Rfd1 Nf8 17. Nc4 Bd5 18. Qc2 Ng6 19. Nxe5 cxd4 20. Nxg6 dxe3 21. Nh4 exf2+ 22. Kh1 Qf4 23. Nf3 Ng4 24. Rd4 Be4 25. Qxe4 Qxe4 26. Rxe4 Rxe4 27. Bf1 Ne3 28. g3 Nd1 29. Bc1 Re1 30. Kg2 Rde8 31. Ra2 h6 32. Rc2 g5 33. h3 f5 34. g4 f4 35. Bd2 Ne3+ 36. Bxe3 fxe3 37. Nd4 Kf7 38. Re2 Re4 39. Nf5 Kf6 40. c4 a5 41. Ng3 Rxc4 42. Rxf2+ Rf4 43. Nh5+ Ke5 44. Nxf4 exf2 45. Nh5 Ra1 46. Bb5 f1Q+ 0-1

[Event "Fagernes op"]
[Site "Fagernes"]
[Date "2024.03.28"]
[Round "6"]
[White "Sasikiran, Krishnan"]
[Black "Willow, Jonah B"]
[Result "1-0"]
[WhiteElo "2578"]
[BlackElo "2446"]
[PlyCount "175"]
[EventDate "2024.03.24"]
[EventType "swiss"]
[EventRounds "9"]
[EventCountry "NOR"]
[SourceTitle "CBM 219 Extra"]
[Source "ChessBase"]
[SourceDate "2024.05.31"]
[SourceVersion "1"]
[SourceVersionDate "2024.05.31"]
[SourceQuality "1"]

1. d4 Nf6 2. c4 e6 3. Nc3 Bb4 4. e3 0-0 5. Bd3 c5 6. Nge2 cxd4 7. exd4 d5 8. cxd5 Nxd5 9. 0-0 Re8 10. Qc2 g6 11. Bh6 Nc6 12. Rad1 Bf8 13. Qc1 Nxc3 14. bxc3 b6 15. Ng3 Be7 16. Qf4 Qd6 17. Qf3 Bb7 18. Ne4 Qd8 19. Qf4 Na5 20. Qe5 f6 21. Qxe6+ Kh8 22. Qf7 Rg8 23. c4 Nc6 24. Rfe1 Rc8 25. d5 Ne5 26. Ng5 fxg5 27. Rxe5 Rc7 28. Qf3 b5 29. Rde1 Bf6 30. Re6 bxc4 31. Be4 Rf7 32. Bxg5 Rgf8 33. Rxf6 Rxf6 34. Qc3 Qb6 35. Bf3 Ba6 36. h4 Kg8 37. Bxf6 Qxf6 38. Qa3 Bc8 39. Qxa7 Qxh4 40. Qe7 Qxe7 41. Rxe7 Rf7 42. Re8+ Rf8 43. Re3 Rd8 44. Be2 Ba6 45. Ra3 Rd6 46. f4 Kg7 47. Kf2 Kf6 48. Ra5 g5 49. Ke3 gxf4+ 50. Kxf4 c3 51. Bxa6 c2 52. Rc5 Rxa6 53. Rxc2 Ra4+ 54. Ke3 Ke5 55. Rd2 Kd6 56. Kf3 h5 57. Kg3 Rg4+ 58. Kh3 Rc4 59. Rd3 Ra4 60. a3 Rc4 61. Kh2 Ra4 62. Rh3 h4 63. Rd3 Rc4 64. Kh3 Ra4 65. Rd2 Rc4 66. Rd1 Re4 67. Rd2 Rc4 68. Rb2 Kxd5 69. Rb4 Rc3+ 70. Kxh4 Rxa3 71. g4 Ke5 72. Rb6 Ra8 73. Kg5 Rh8 74. Rh6 Ra8 75. Rg6 Ra1 76. Rg8 Ke6 77. Kg6 Ke7 78. g5 Rg1 79. Kh7 Rh1+ 80. Kg7 Rg1 81. g6 Rg2 82. Ra8 Rg1 83. Ra2 Re1 84. Rf2 Re3 85. Kh7 Rh3+ 86. Kg8 Rg3 87. g7 Re3 88. Rh2 1-0

[Event "Fagernes op"]
[Site "Fagernes"]
[Date "2024.03.27"]
[Round "5"]
[White "Ghasi, Ameet K"]
[Black "Sasikiran, Krishnan"]
[Result "1/2-1/2"]
[WhiteElo "2485"]
[BlackElo "2578"]
[PlyCount "92"]
[EventDate "2024.03.24"]
[EventType "swiss"]
[EventRounds "9"]
[EventCountry "NOR"]
[SourceTitle "CBM 219 Extra"]
[Source "ChessBase"]
[SourceDate "2024.05.31"]
[SourceVersion "1"]
[SourceVersionDate "2024.05.31"]
[SourceQuality "1"]

1. Nf3 d5 2. g3 Nf6 3. Bg2 c6 4. 0-0 Bg4 5. d4 Nbd7 6. h3 Bh5 7. c4 e6 8. Qb3 Qb6 9. Nc3 Be7 10. Nh4 0-0 11. g4 Bg6 12. Nxg6 hxg6 13. Rd1 Rfd8 14. g5 Ne8 15. e4 dxc4 16. Qxc4 e5 17. d5 Bc5 18. Qe2 Bd4 19. dxc6 bxc6 20. Be3 Nc5 21. Rac1 Nc7 22. Bxd4 exd4 23. Nb1 N7e6 24. Qd2 d3 25. Rc4 Rd4 26. Na3 Rad8 27. Rdc1 a5 28. Kh1 a4 29. f4 Rxc4 30. Nxc4 Qc7 31. Ne5 Rd4 32. Qe3 Qd6 33. Rd1 Rb4 34. h4 Rxb2 35. Nc4 Re2 36. Nxd6 Rxe3 37. f5 Nf4 38. Rb1 Nd7 39. Nc4 Re2 40. Bf3 Rf2 41. Bg4 Rg2 42. Rg1 Rc2 43. Ne3 Rb2 44. fxg6 Ne5 45. gxf7+ Kf8 46. h5 Ne2 1/2-1/2

[Event "Fagernes op"]
[Site "Fagernes"]
[Date "2024.03.27"]
[Round "4"]
[White "Sasikiran, Krishnan"]
[Black "Narva, Mai"]
[Result "1-0"]
[WhiteElo "2578"]
[BlackElo "2399"]
[PlyCount "95"]
[EventDate "2024.03.24"]
[EventType "swiss"]
[EventRounds "9"]
[EventCountry "NOR"]
[SourceTitle "CBM 219 Extra"]
[Source "ChessBase"]
[SourceDate "2024.05.31"]
[SourceVersion "1"]
[SourceVersionDate "2024.05.31"]
[SourceQuality "1"]

1. d4 Nf6 2. c4 e6 3. Nc3 Bb4 4. f3 c5 5. d5 b5 6. e4 0-0 7. Nh3 bxc4 8. Bxc4 exd5 9. Bxd5 Nxd5 10. Qxd5 Ba6 11. Bf4 Nc6 12. Kf2 Ba5 13. Rhd1 Nb4 14. Qd6 Bb6 15. Kg3 Re8 16. Qxd7 Qf6 17. Rd6 Re6 18. Rad1 h6 19. a3 Nd3 20. R1xd3 Bxd3 21. Rxb6 Rxb6 22. Qxd3 Rxb2 23. e5 Qe6 24. Qe4 Rd8 25. Bc1 Rbb8 26. Nf4 Qb3 27. Nfd5 Re8 28. h3 Rb6 29. Kh2 Rbe6 30. f4 a5 31. a4 f6 32. Be3 c4 33. Bc5 Kh8 34. Bd4 fxe5 35. fxe5 Qb7 36. Qe3 Qf7 37. Nf4 R6e7 38. Qe4 Kg8 39. Ncd5 Re6 40. Nxe6 Rxe6 41. Nf4 Re8 42. e6 Qc7 43. Be5 Qc5 44. Bxg7 Qg5 45. Bc3 h5 46. Nd5 h4 47. Nf6+ Kf8 48. Nh7+ 1-0

[Event "Fagernes op"]
[Site "Fagernes"]
[Date "2024.03.25"]
[Round "2"]
[White "Sasikiran, Krishnan"]
[Black "Celik, Hasan Huseyin"]
[Result "1/2-1/2"]
[WhiteElo "2578"]
[BlackElo "2417"]
[PlyCount "93"]
[EventDate "2024.03.24"]
[EventType "swiss"]
[EventRounds "9"]
[EventCountry "NOR"]
[SourceTitle "CBM 219 Extra"]
[Source "ChessBase"]
[SourceDate "2024.05.31"]
[SourceVersion "1"]
[SourceVersionDate "2024.05.31"]
[SourceQuality "1"]

1. e4 e6 2. d4 d5 3. Nc3 Bb4 4. e5 c5 5. a3 Bxc3+ 6. bxc3 Ne7 7. h4 Qc7 8. h5 h6 9. a4 b6 10. Bb5+ Bd7 11. Ne2 a6 12. Bxd7+ Nxd7 13. 0-0 Rc8 14. Ng3 0-0 15. Qg4 f5 16. Qh4 Qd8 17. Ne2 Rf7 18. Qg3 Kh7 19. Nf4 Nf8 20. Qd3 a5 21. Rb1 Rc6 22. Re1 g5 23. hxg6+ Nexg6 24. Nh5 Nd7 25. g3 cxd4 26. cxd4 Qc8 27. Bd2 Rc4 28. Qe3 f4 29. Qd3 fxg3 30. fxg3 Rf5 31. g4 Ndxe5 32. Rxe5 Rxe5 33. dxe5 Rxg4+ 34. Kf2 Qf8+ 35. Nf6+ Kg7 36. Qf3 Nxe5 37. Nh5+ Kg8 38. Qxf8+ Kxf8 39. Rxb6 Kf7 40. Rb7+ Kg6 41. Nf4+ Kf5 42. Nd3 Rxa4 43. Nxe5 Kxe5 44. Ke2 h5 45. Rh7 h4 46. Be1 Kf5 47. Rh5+ 1/2-1/2

[Event "Cannes op 37th"]
[Site "Cannes"]
[Date "2024.02.20"]
[Round "2"]
[White "Breuil, Tristan"]
[Black "Sasikiran, Krishnan"]
[Result "0-1"]
[WhiteElo "2305"]
[BlackElo "2585"]
[PlyCount "127"]
[EventDate "2024.02.19"]
[EventType "swiss"]
[EventRounds "9"]
[EventCountry "FRA"]
[SourceTitle "CBM 218 Extra"]
[Source "ChessBase"]
[SourceDate "2024.03.31"]
[SourceVersion "1"]
[SourceVersionDate "2024.03.31"]
[SourceQuality "1"]

1. e4 e5 2. Nf3 Nc6 3. Bb5 a6 4. Ba4 Nf6 5. 0-0 Be7 6. d3 b5 7. Bb3 d6 8. c3 0-0 9. a4 b4 10. a5 bxc3 11. bxc3 Rb8 12. Nbd2 h6 13. Re1 Re8 14. Bc4 Bf8 15. h3 Na7 16. d4 Nb5 17. Qc2 exd4 18. cxd4 d5 19. Bxb5 Rxb5 20. e5 Ne4 21. Nxe4 dxe4 22. Qxe4 Bb7 23. Qg4 Re6 24. Qf4 Bb4 25. Bd2 Bxf3 26. Bxb4 Bxg2 27. Bd2 Rg6 28. Kh2 Bd5 29. Rg1 Rb3 30. Be3 Bb7 31. Rxg6 fxg6 32. e6 Qe7 33. Rg1 Qxe6 34. Qxc7 Rb5 35. d5 Bxd5 36. Bd4 Rb7 37. Qe5 Qf7 38. Re1 Kh7 39. Be3 Qf3 40. Qg3 Qf7 41. Qf4 Qe6 42. Qg4 Qd6+ 43. Qf4 Qa3 44. Rc1 Rf7 45. Qd4 Bb7 46. Ra1 Qb3 47. Rg1 Qa2 48. Qb6 Qc2 49. Qc5 Qe4 50. Qd4 Qe6 51. Qg4 Qc6 52. Rc1 Rxf2+ 53. Bxf2 Qxc1 54. Bb6 Qc2+ 55. Kg1 g5 56. Qg3 Qd1+ 57. Kf2 Qd2+ 58. Kg1 Be4 59. Qf2 Qd7 60. Qd4 Qf5 61. Qe3 Bd5 62. Bd4 Qb1+ 63. Kf2 Qa2+ 64. Kf1 0-1

[Event "Chessable Masters Play In"]
[Site "Chess.com INT"]
[Date "2024.01.31"]
[Round "6"]
[White "Lagarde, Maxime"]
[Black "Sasikiran, Krishnan"]
[Result "1/2-1/2"]
[WhiteElo "2642"]
[BlackElo "2586"]
[PlyCount "139"]
[EventDate "2024.01.31"]
[EventType "swiss (rapid)"]
[EventRounds "9"]
[EventCountry "USA"]
[SourceTitle "EXT 2025"]
[Source "ChessBase"]
[SourceDate "2024.10.14"]
[SourceVersion "1"]
[SourceVersionDate "2024.10.14"]
[SourceQuality "1"]

1. b3 d5 2. Bb2 c5 3. e3 Nf6 4. Nf3 a6 5. g3 Nc6 6. Bg2 Bf5 7. 0-0 e6 8. c4 Bd3 9. Re1 Be7 10. cxd5 exd5 11. Nc3 0-0 12. Ne2 Bd6 13. Nf4 Bxf4 14. exf4 c4 15. bxc4 dxc4 16. Ne5 Rc8 17. Nxc6 bxc6 18. Qa4 Nd5 19. Ba3 Re8 20. Bc5 Qd7 21. Re5 Rxe5 22. fxe5 Qb7 23. Re1 Qb5 24. Qa3 Nc7 25. Bd6 Ne6 26. h4 h5 27. Qc3 c5 28. Kh2 Nd4 29. e6 Nxe6 30. Qe5 Qd7 31. Bh3 Rc6 32. Bb8 Qd4 33. Qe3 Rb6 34. Be5 Qxe3 35. fxe3 f6 36. Bc3 Kf7 37. a4 Rb3 38. Bg2 Ke7 39. Bf3 g6 40. g4 hxg4 41. Bxg4 Nc7 42. Bf3 Ra3 43. h5 gxh5 44. Rg1 Ne6 45. a5 h4 46. Bb7 Ng5 47. Rg4 h3 48. Rf4 f5 49. Bxa6 Ne4 50. Bc8 Nxc3 51. dxc3 Rxa5 52. Bxf5 Ra3 53. Kxh3 Rxc3 54. Kg2 Bxf5 55. Rxf5 Rxe3 56. Rxc5 c3 57. Kf2 Kd6 58. Rc8 Rh3 59. Ke2 Kd5 60. Kd1 Kd4 61. Kc2 Rh2+ 62. Kc1 Rh1+ 63. Kc2 Rh2+ 64. Kc1 Kd3 65. Rd8+ Kc4 66. Rc8+ Kb3 67. Rb8+ Kc4 68. Rc8+ Kd4 69. Rd8+ Kc4 70. Rc8+ 1/2-1/2

[Event "Chessable Masters Play In"]
[Site "Chess.com INT"]
[Date "2024.01.31"]
[Round "8"]
[White "Sasikiran, Krishnan"]
[Black "Samadov, Read"]
[Result "1/2-1/2"]
[WhiteElo "2586"]
[BlackElo "2502"]
[PlyCount "97"]
[EventDate "2024.01.31"]
[EventType "swiss (rapid)"]
[EventRounds "9"]
[EventCountry "USA"]
[SourceTitle "EXT 2025"]
[Source "ChessBase"]
[SourceDate "2024.10.14"]
[SourceVersion "1"]
[SourceVersionDate "2024.10.14"]
[SourceQuality "1"]

1. d4 Nf6 2. c4 g6 3. g3 Bg7 4. Bg2 0-0 5. Nc3 Nc6 6. Nf3 d5 7. cxd5 Nxd5 8. 0-0 Nb6 9. e3 Re8 10. a3 e5 11. d5 Na5 12. Qc2 c6 13. b4 Nac4 14. dxc6 bxc6 15. Rd1 Qe7 16. Nd2 e4 17. Nxc4 Nxc4 18. Ra2 Ne5 19. Nxe4 Bg4 20. h3 Bxd1 21. Qxd1 Rad8 22. Qe2 Nd3 23. Rc2 a5 24. Nc5 Nxc1 25. Rxc1 axb4 26. axb4 Rd6 27. Kh2 h5 28. h4 Be5 29. Rc4 Red8 30. Re4 Rd2 31. Qf3 Qf6 32. Kg1 Rb2 33. Qxf6 Bxf6 34. Bf3 Kg7 35. Rc4 Rdd2 36. Ne4 Rdc2 37. Rc5 Be7 38. Re5 Bxb4 39. Kf1 Rc1+ 40. Kg2 Be1 41. Re7 Bxf2 42. Nd6 Kf6 43. Re4 Rg1+ 44. Kh2 Rxg3 45. Ne8+ Kf5 46. Nd6+ Kf6 47. Ne8+ Kf5 48. Ng7+ Kf6 49. Ne8+ 1/2-1/2

[Event "Chessable Masters Play In"]
[Site "Chess.com INT"]
[Date "2024.01.31"]
[Round "4"]
[White "Theodorou, Nikolas"]
[Black "Sasikiran, Krishnan"]
[Result "1-0"]
[WhiteElo "2627"]
[BlackElo "2586"]
[PlyCount "63"]
[EventDate "2024.01.31"]
[EventType "swiss (rapid)"]
[EventRounds "9"]
[EventCountry "USA"]
[SourceTitle "EXT 2025"]
[Source "ChessBase"]
[SourceDate "2024.10.14"]
[SourceVersion "1"]
[SourceVersionDate "2024.10.14"]
[SourceQuality "1"]

1. Nf3 d5 2. b3 c5 3. Bb2 f6 4. e4 dxe4 5. Nh4 Nh6 6. Nc3 Nc6 7. Nxe4 e5 8. f4 Bg4 9. Be2 f5 10. Ng5 exf4 11. Nhf3 Qd7 12. Bc4 Qe7+ 13. Ne6 b5 14. Bd5 Nb4 15. Bxa8 Qxe6+ 16. Kf2 Kd8 17. h3 Bh5 18. a3 Na6 19. Ng5 Qg6 20. Ne6+ Qxe6 21. Qxh5 Nc7 22. Bf3 Nf7 23. Rhe1 Qd7 24. Qh4+ g5 25. Qh5 c4 26. Bxh8 Nxh8 27. Qxg5+ Kc8 28. Qg8 Ng6 29. bxc4 Qd4+ 30. Kf1 bxc4 31. Rab1 Kd7 32. Qxh7+ 1-0

[Event "Sitges Sunway op 10th"]
[Site "Sitges"]
[Date "2023.12.22"]
[Round "10"]
[White "Sasikiran, Krishnan"]
[Black "Valenzuela Gomez, Fernando Alberto"]
[Result "1-0"]
[WhiteElo "2596"]
[BlackElo "2383"]
[PlyCount "135"]
[EventDate "2023.12.12"]
[EventType "swiss"]
[EventRounds "10"]
[EventCountry "ESP"]
[SourceTitle "CBM 217 Extra"]
[Source "ChessBase"]
[SourceDate "2024.01.31"]
[SourceVersion "1"]
[SourceVersionDate "2024.01.31"]
[SourceQuality "1"]

1. d4 Nf6 2. c4 e6 3. Nf3 d5 4. Nc3 c5 5. cxd5 cxd4 6. Qxd4 exd5 7. Bg5 Be7 8. e3 0-0 9. Be2 h6 10. Bh4 Nc6 11. Qd3 Qb6 12. 0-0 Rd8 13. Rfd1 Be6 14. a3 d4 15. Nxd4 Nxd4 16. exd4 Rac8 17. Qb5 Rxd4 18. Qxb6 Rxd1+ 19. Bxd1 axb6 20. Bf3 Rd8 21. Rd1 Rxd1+ 22. Nxd1 g5 23. Bg3 Nd5 24. Be5 f6 25. Bd4 Bc5 26. Bxd5 Bxd5 27. Bxf6 Kf7 28. Bh8 b5 29. Kf1 b4 30. axb4 Bxb4 31. Ne3 Be6 32. f3 h5 33. Bd4 Bd2 34. Nd1 Bc4+ 35. Kf2 Kg6 36. h3 Bb5 37. g3 Bc4 38. Bb6 Bc1 39. Bd4 Bb3 40. Ke2 Bc4+ 41. Ke1 Bb3 42. Nf2 Bc2 43. Ke2 h4 44. g4 Ba4 45. Ne4 Bb5+ 46. Kf2 Bc6 47. Bc3 Bd5 48. b4 Bc6 49. Bd2 Bxe4 50. Bxc1 Bd3 51. Be3 Bc4 52. Bb6 Bd5 53. Bd8 Bc6 54. f4 gxf4 55. Bxh4 Bd5 56. Bd8 Bc6 57. h4 Bd5 58. Bc7 f3 59. Bb6 Bc6 60. Bd4 Bd5 61. Kg3 Bc6 62. Kf4 Kh6 63. Be3 Kg6 64. h5+ Kf7 65. g5 Kg7 66. g6 f2 67. Bxf2 Kh6 68. Kg4 1-0

[Event "Sitges Sunway op 10th"]
[Site "Sitges"]
[Date "2023.12.19"]
[Round "7"]
[White "Dukic, Zachary"]
[Black "Sasikiran, Krishnan"]
[Result "0-1"]
[WhiteElo "2266"]
[BlackElo "2596"]
[PlyCount "79"]
[EventDate "2023.12.12"]
[EventType "swiss"]
[EventRounds "10"]
[EventCountry "ESP"]
[SourceTitle "EXT 2025"]
[Source "ChessBase"]
[SourceDate "2024.10.14"]
[SourceVersion "1"]
[SourceVersionDate "2024.10.14"]
[SourceQuality "1"]

1. e4 e5 2. Nf3 Nc6 3. Bb5 a6 4. Ba4 Nf6 5. 0-0 b5 6. Bb3 Bc5 7. c3 d6 8. a4 Rb8 9. d4 Bb6 10. a5 Ba7 11. h3 0-0 12. Be3 Ra8 13. Re1 h6 14. Nbd2 Re8 15. Qc2 Bb7 16. dxe5 Nxe5 17. Nxe5 dxe5 18. Bxa7 Rxa7 19. c4 c6 20. Re3 Bc8 21. Nf3 Rd7 22. Qc3 Qe7 23. Rae1 b4 24. Qc1 Qc5 25. Nh4 Rd6 26. g4 Red8 27. Rg3 Nh7 28. Nf5 Rd2 29. Ree3 Ng5 30. Qf1 Ne6 31. g5 hxg5 32. h4 Nf4 33. Rxg5 Bxf5 34. exf5 f6 35. Rg4 Rxb2 36. Kh1 Rdd2 37. Qg1 Nh5 38. Rg2 Qd4 39. Rg4 Qd7 40. Rf3 0-1

[Event "Sitges Sunway op 10th"]
[Site "Sitges"]
[Date "2023.12.14"]
[Round "3"]
[White "Meister, Peter"]
[Black "Sasikiran, Krishnan"]
[Result "0-1"]
[WhiteElo "2332"]
[BlackElo "2596"]
[PlyCount "66"]
[EventDate "2023.12.12"]
[EventType "swiss"]
[EventRounds "10"]
[EventCountry "ESP"]
[SourceTitle "CBM 217 Extra"]
[Source "ChessBase"]
[SourceDate "2024.01.31"]
[SourceVersion "1"]
[SourceVersionDate "2024.01.31"]
[SourceQuality "1"]

1. d4 Nf6 2. Nf3 g6 3. Bf4 Bg7 4. e3 d6 5. h3 0-0 6. Be2 c5 7. 0-0 Qb6 8. Nbd2 Be6 9. Qc1 Nc6 10. c3 Rac8 11. dxc5 Qxc5 12. e4 Qb6 13. Ng5 Bd7 14. Be3 Qc7 15. f4 e5 16. fxe5 Nxe5 17. Qe1 h6 18. Ngf3 Nxf3+ 19. Rxf3 Rce8 20. Qf2 Nxe4 21. Nxe4 Rxe4 22. Bd3 Re6 23. Bxa7 Bc6 24. Bb6 Qe7 25. Re3 Be5 26. Bc4 Rf6 27. Qd2 Rf4 28. Bf1 Qg5 29. Rd1 Re8 30. Rde1 Re6 31. Rd3 Bb5 32. Be3 Bxd3 33. Bxd3 Qg3 0-1

[Event "Fagernes Autumn op"]
[Site "Fagernes"]
[Date "2023.10.14"]
[Round "8"]
[White "Sasikiran, Krishnan"]
[Black "Kulaots, Kaido"]
[Result "1/2-1/2"]
[WhiteElo "2595"]
[BlackElo "2508"]
[PlyCount "82"]
[EventDate "2023.10.08"]
[EventType "swiss"]
[EventRounds "9"]
[EventCountry "NOR"]
[SourceTitle "CBM 216 Extra"]
[Source "ChessBase"]
[SourceDate "2023.11.30"]
[SourceVersion "1"]
[SourceVersionDate "2023.11.30"]
[SourceQuality "1"]

1. e4 c5 2. Nf3 e6 3. d4 cxd4 4. Nxd4 Nc6 5. Nc3 Qc7 6. Be3 a6 7. Qf3 Nf6 8. 0-0-0 Ne5 9. Qg3 b5 10. f4 Neg4 11. Bd2 b4 12. Na4 h5 13. Bd3 d5 14. e5 Ne4 15. Bxe4 dxe4 16. h3 Nh6 17. Qb3 Bd7 18. Bxb4 Rb8 19. Bxf8 Rxb3 20. Bd6 Qa5 21. axb3 Bxa4 22. bxa4 Qxa4 23. Ba3 e3 24. Rd3 f6 25. Nxe6 Kf7 26. Nd4 fxe5 27. fxe5 Kg6 28. e6 Rd8 29. Rhd1 e2 30. Nxe2 Rxd3 31. Rxd3 Nf5 32. Nc3 Qf4+ 33. Kb1 Qf1+ 34. Rd1 Qxg2 35. e7 Kf7 36. Rd8 Qf1+ 37. Ka2 Nxe7 38. Rd7 Qc4+ 39. Ka1 Qf1+ 40. Ka2 Qc4+ 41. Ka1 Qf1+ 1/2-1/2